Descending Cities in the Biggest Countries - Statistics

General Stats
  • This quiz has been taken 8 times
  • The average score is 7 of 20
Answer Stats
Hint Answer % Correct
China Beijing
100%
India Delhi
83%
United States Los Angeles
83%
Indonesia Bandung
67%
Brazil Belo Horizonte
67%
Bangladesh Chattogram
67%
Nigeria Kano
67%
Pakistan Rawalpindi
50%
Ethiopia Gonder
33%
Russia Novosibirsk
33%
United Kingdom Nottingham
17%
Japan Sendai
17%
Germany Bielefeld
0%
Philippines Cagayan de Oro
0%
Iran Gorgan
0%
Vietnam Huế
0%
Turkey Izmit
0%
Dem. Rep. Congo Kananga
0%
Mexico Querétaro
0%
Egypt Zagazig
0%
No matching quizzes found
Score Distribution
Percent of People with Each Score
Percentile by Number Answered
Your Score History
You have not taken this quiz